ՀՀ Գիտությունների ազգային ակադեմիայի հիմնարար գիտական գրադարան  =   Fundamental Scientific Library of NAS RA

Հայոց եկեղեցին և իր պատմութիւնը, վարդապետութիւնը, վարչութիւնը, բարեկարգութիւնը, արարողութիւնը, գրականութիւնը, ու ներկայ կացութիւնը / (Record no. 480463)

MARC details
000 -LEADER
fixed length control field 00894nam a2200205 a 4500
001 - CONTROL NUMBER
control field 000024895
003 - CONTROL NUMBER IDENTIFIER
control field AM-YEHGA
005 - DATE AND TIME OF LATEST TRANSACTION
control field 20250618075634.0
008 - FIXED-LENGTH DATA ELEMENTS--GENERAL INFORMATION
fixed length control field 001122s1911 |||| |||||||||| | arm c
040 ## - CATALOGING SOURCE
Original cataloging agency AM-YeHGA
041 0# - LANGUAGE CODE
Language code of text/sound track or separate title arm
090 ## - LOCALLY ASSIGNED LC-TYPE CALL NUMBER (OCLC); LOCAL CALL NUMBER (RLIN)
-- 483810
100 1# - MAIN ENTRY--PERSONAL NAME
Personal name Օրմանյան, Մաղաքիա
Titles and words associated with a name արքեպիսկոպոս,
Dates associated with a name 1841-1918
9 (RLIN) 1548
245 10 - TITLE STATEMENT
Title Հայոց եկեղեցին և իր պատմութիւնը, վարդապետութիւնը, վարչութիւնը, բարեկարգութիւնը, արարողութիւնը, գրականութիւնը, ու ներկայ կացութիւնը /
Statement of responsibility, etc. Մաղաքիա արքեպիսկոպոս Օրմանեան.
260 ## - PUBLICATION, DISTRIBUTION, ETC.
Place of publication, distribution, etc. Երևան :
Name of publisher, distributor, etc. Վ. և Հ. Տէր-Ներսէսյան ,
Date of publication, distribution, etc. 1911 ,.,
-- 1993.
300 ## - PHYSICAL DESCRIPTION
Extent 280 էջ.
650 14 - SUBJECT ADDED ENTRY--TOPICAL TERM
Topical term or geographic name entry element Քրիստոնեություն
650 14 - SUBJECT ADDED ENTRY--TOPICAL TERM
Topical term or geographic name entry element Հայկական եկեղեցի
942 ## - ADDED ENTRY ELEMENTS (KOHA)
Source of classification or shelving scheme Universal Decimal Classification
Koha item type Գրքեր / Books
Holdings
Withdrawn status Lost status Source of classification or shelving scheme Damaged status Not for loan Collection Home library Current library Date acquired Total checkouts Full call number Barcode Date last seen Price effective from Koha item type Public note
    Universal Decimal Classification     Alpoiajian Individual Collection Fundamental Scientific Library Fundamental Scientific Library 24/12/2018   Ալպ/124 FL0533612 24/12/2018 24/12/2018 Գրքեր / Books ILL Non-Circ
          Kusikian Individual Collection Fundamental Scientific Library Fundamental Scientific Library 07/06/2021   Կուս/3085 FL0649418 07/06/2021 07/06/2021 Գրքեր / Books ILL Non Circ


ՀՀ ԳԱԱ հիմնարար գիտական գրադարան
ՀՀ,Երևան 0019
Մարշալ Բաղրամյան 24/6
հեռախոս:(374-10) 52-47-50
Հետադարձ կապ

All site content, except where otherwise noted, is licensed under a
Creative Commons License